000 00692nam a2200229 i 4500
001 19094
003 ES-MaACL
005 20230906152010.0
007 t|
008 020516s1997 sp ||||1| spa d
020 _a84-309-3076-6
080 _a81:1
100 1 _aGarcía Suárez, Alfonso.
_955313
245 1 0 _aModos de significar
_b: una introducción temática a la filosofía del lenguaje /
_cAlfonso García Suárez.
260 _aMadrid :
_bTecnos,
_c[1997]
300 _a558 p. ;
_c22 cm.
490 1 _aFilosofía y ensayo
650 4 _aLenguaje-
_xFilosofía.
_914344
830 0 _aFilosofía y ensayo
_9179242
852 _aES-MaACL
_jL-25509
_bR.131367
999 _c19094
_d19094